Meilleurs pays du monde en lutte - Statistiques

Statistiques générales
  • Ce quiz a été pris 239 fois
  • Le résultat moyen est 17 sur 30
Statistiques - réponses
Nombre de médailles
or + argent
Pays % Correct
Championnat du monde 1 649 Russie
96%
Jeux olympiques 7 59 Russie
96%
Cumul JO et Championnat du monde 1 708 Russie
96%
Championnat du monde 4 239 Etats-Unis
89%
Jeux olympiques 1 158 Etats-Unis
89%
Cumul JO et Championnat du monde 2 397 Etats-Unis
89%
Championnat du monde 3 241 Japon
74%
Jeux olympiques 4 85 Japon
74%
Cumul JO et Championnat du monde 4 326 Japon
74%
Championnat du monde 6 173 Turquie
67%
Jeux olympiques 6 65 Turquie
67%
Cumul JO et Championnat du monde 6 240 Turquie
67%
Championnat du monde 10 87 Allemagne
58%
Cumul JO et Championnat du monde 10 115 Allemagne
58%
Championnat du monde 2 245 Iran
57%
Jeux olympiques 2 91 Iran
57%
Cumul JO et Championnat du monde 3 336 Iran
57%
Jeux olympiques 10 36 Corée-du-Sud
40%
Championnat du monde 9 99 Cuba
40%
Cumul JO et Championnat du monde 9 129 Cuba
40%
Championnat du monde 5 173 Bulgarie
37%
Jeux olympiques 5 73 Bulgarie
37%
Cumul JO et Championnat du monde 5 246 Bulgarie
37%
Championnat du monde 8 116 Suède
33%
Jeux olympiques 3 86 Suède
33%
Cumul JO et Championnat du monde 7 202 Suède
33%
Championnat du monde 7 126 Hongrie
32%
Jeux olympiques 8 56 Hongrie
32%
Cumul JO et Championnat du monde 8 182 Hongrie
32%
Jeux olympiques 9 47 Finlande
24%
Aucun quiz correspondant
Distribution des résultats
% des personnes avec chaque résultat
Percentile par nombre de réponses
Votre historique - résultats
Vous n’avez pas pris ce quiz